Cambridge academic English : (Record no. 5182)
[ view plain ]
| 000 -LEADER | |
|---|---|
| fixed length control field | 00926cam a2200241 4500 |
| 001 - CONTROL NUMBER | |
| control field | 6136 |
| 005 - DATE AND TIME OF LATEST TRANSACTION | |
| control field | 20190618104446.0 |
| 008 - FIXED-LENGTH DATA ELEMENTS--GENERAL INFORMATION | |
| fixed length control field | 190618b ||||| |||| 00| 0 eng d |
| 100 1# - MAIN ENTRY--PERSONAL NAME | |
| Personal name | Hewings, Martin. |
| 245 10 - TITLE STATEMENT | |
| Title | Cambridge academic English : |
| Remainder of title | An integrated skills course for EAP coursepack / |
| Name of part/section of a work | Student's book Upper intermediate / |
| Statement of responsibility, etc. | Course consultant: Michael McCarthy |
| 264 #1 - PRODUCTION, PUBLICATION, DISTRIBUTION, MANUFACTURE, AND COPYRIGHT NOTICE | |
| Place of production, publication, distribution, manufacture | Cambridge : |
| Name of producer, publisher, distributor, manufacturer | Cambridge University Press, |
| Date of production, publication, distribution, manufacture, or copyright notice | 2014. |
| 300 ## - PHYSICAL DESCRIPTION | |
| Extent | 176 pages : |
| Other physical details | color illustrations ; |
| Dimensions | 28 cm. |
| 336 ## - CONTENT TYPE | |
| Content type term | text |
| Source | rdacontent |
| 337 ## - MEDIA TYPE | |
| Media type term | unmediated |
| Source | rdamedia |
| 338 ## - CARRIER TYPE | |
| Carrier type term | volume |
| Source | rdacarrier |
| 650 #0 - SUBJECT ADDED ENTRY--TOPICAL TERM | |
| Topical term or geographic name entry element | Academic language. |
| Topical term or geographic name entry element | English language |
| Form subdivision | Textbooks for foreign speakers |
| Topical term or geographic name entry element | English language |
| General subdivision | Rhetoric |
| Form subdivision | Problems, exercises, etc. |
| Topical term or geographic name entry element | English language |
| General subdivision | Usage |
| Form subdivision | Problems, exercises, etc. |
| 700 1# - ADDED ENTRY--PERSONAL NAME | |
| Personal name | McCarthy, Michael, |
| Dates associated with a name | 1947- |
| Personal name | Thaine, Craig, |
| Dates associated with a name | 1958- |
| 942 ## - ADDED ENTRY ELEMENTS (KOHA) | |
| Source of classification or shelving scheme | Dewey Decimal Classification |
| Koha item type | Main |
| Withdrawn status | Lost status | Source of classification or shelving scheme | Damaged status | Not for loan | Collection code | Home library | Current library | Shelving location | Date acquired | Serial Enumeration / chronology | Inventory number | Total Checkouts | Full call number | Barcode | Date last seen | Date last checked out | Price effective from | Koha item type | Total Renewals |
|---|---|---|---|---|---|---|---|---|---|---|---|---|---|---|---|---|---|---|---|
| Dewey Decimal Classification | Fac res | RTC Library | RTC Library | Faculty reserve | 27/11/2018 | 9751 | 1 | 428.24 HEW | 30009819 | 26/07/2024 | 19/02/2024 | 27/11/2018 | Faculty Reserve | ||||||
| Missing | Dewey Decimal Classification | Binding Materials. | RTC Library | RTC Library | Main opac | 24/02/2023 | 177127 | 428.24 HEW c.1 | 30018181 | 24/02/2023 | 24/02/2023 | Main | |||||||
| Missing | Dewey Decimal Classification | Binding Materials. | RTC Library | RTC Library | Main opac | 24/02/2023 | 177128 | 1 | 428.24 HEW c.2 | 30018290 | 17/08/2023 | 17/08/2023 | 24/02/2023 | Main | |||||
| Missing | Dewey Decimal Classification | Main TEST | RTC Library | RTC Library | Main opac | 03/08/2023 | 177711 | 1 | 428.24 THA | 30019064 | 04/09/2023 | 03/08/2023 | 03/08/2023 | Main | |||||
| Dewey Decimal Classification | Binding Materials. | RTC Library | RTC Library | Main opac | 20/02/2024 | 17436 | 1 | 428.24 HEW | 30016435 | 04/07/2024 | 24/02/2024 | 20/02/2024 | Main | 1 | |||||
| Dewey Decimal Classification | Binding Materials. | RTC Library | RTC Library | Main opac | 20/02/2024 | 18435 | 428.24 HEW | 30017747 | 20/02/2024 | 20/02/2024 | Main |